LEADER 00859cam a2200229 7i4500
001 0000054882
005 20260305090000.0
090 0 0 |a QA76.73.J38   |b D72 2016 
100 1 |a Downey, Allen B  
245 1 0 |a Think data structures :   |b algorithms and information retrieval in Java   |c Allen B. Downey. 
300 |a 1 online resource (173 pages):   |b text file, PDF. 
336 |a text  |2 rdacontent 
337 |a computer  |2 rdamedia 
338 |a online resource  |2 rdacarrier 
650 0 |a Data structures (Computer science)  
650 0 |a Information retrieval  
650 0 |a Computer algorithms  
650 0 |a Java (Computer program language)  
655 0 |a Electronic books 
856 4 2 |u http://library.unisel.edu.my/web/guest/mylibrary 
997 |a Communication, Visual Art & Computing, Faculty  |b Computing, Department 
999 |a EBO0001364  |b EBOOK  |c EBOOK  |e Electronic resources